000 00570nam a2200181 a 4500
001 23493
003 CO-ViMGA
008 141112s2004 ck r 000 u spa d
040 _aCO-ViMGA
_bspa
_cCO-ViMGA
082 0 4 _aAv778.5347 B158
245 1 0 _aBalto :
_bLa leyenda del perro jasky (Videograbacion)
246 _aAladino y su lampara maravillosa \ Popeye encuentra a Simbad el marino
260 _aColombia :
_bJenymar
300 _a1 Cd - Rom (60 min.) son., col.
490 _aCuentos clasicos
650 1 4 _aDibujos animados - Peliculas
_933858
942 _2ddc
_cBK
999 _c31622
_d31622